000 00745nam a22002173a 4500
001 000000582
005 20210223124049.0
008 010406s1974 mx fr 000 0 spa d
035 _aUPN01000105773
049 _aCG
050 4 _aDK265
_bD4.78 1974
100 1 _aDeutscher, Isaac,
_d1907-1967
_928070
245 1 3 _aLa revolución inconclusa :
_b50 años de historia soviética, 1917-1967 /
_cIsaac Deutscher ; tr. José Luis González.
250 _a4a ed.
260 _aMéxico :
_bEra,
_c1974.
300 _a132 p.
440 3 _aEl hombre y su tiempo
500 _a"Conferencias "George Macaulay Trevelyan" pronunciadas en la Universidad de Cambridge enero-marzo de 1967"
651 4 _aRUSIA -
_xHISTORIA -
_y1917-1967
905 _aLibro
999 _c79686
_d79686